LEADER 01247nam a2200217 i 4500 001 000000258792 003 CaOOAMICUS 005 20180611000000.0 008 180611s2003 xx u000 u mul u 013 $a237700 040 $aSeMil$bita 245 10$aCompendium vitae, virtutum ac miraculorum necnon Actorum in Causa Canonizationis Beati Aloisii Orione sacerdotis fundatoris parvi operis Divinae Providentiae et congregationis parvarum sororum missionariarum a caritate :$b1872-1940. 260 $aRomae :$bIn Typographia Nova Res,$c2003. 300 $a17 p. ;$c26 cm. 500 $aIn calce al front. : E tabulario Sacrae Congregationis de Causis Sanctorum. 600 14$aOrione, Luigi .$0(OLS)http://semarc/subject/1661 850 $aSeMil 852 $aSeMil$W1$xVenegono$y1$m6W I 69/6$j209138$B209138$CSeMilBibl$Z2$F222809 $8I 961 $aOmaggio: Altro 996 $6245$aCompendium vitae, virtutum ac miraculorum necnon Actorum in Causa Canonizationis Beati Aloisii Orione sacerdotis fundatoris parvi operis Divinae Providentiae et congregationis parvarum sororum missionariarum a caritate :$b1872-1940$9(OLS)http://semarc/title/413696 996 $6260$aRomae :$bIn Typographia Nova Res$9(OLS)http://semarc/publisher/53271 LEADER 01166nam a2200229 i 4500 001 000000058094 003 CaOOAMICUS 005 19971103000000.0 008 971103s1978 it u000 u lat u 013 $a29266 040 $aSeMil$bita 245 12$aA pontificatu Pii 9. (1846) usque ad pontificatum Leonis 13. (1903) /$ce documentis tabularii praesertim Vaticani collecta, digesta, edita per Remigium Ritzler et Pirminum Sefrin. 260 $aPadova :$bMessaggero di S. Antonio,$c1978. 300 $aXVII, 665 p. 700 1 $aRitzler, Remigius .$0(OLS)http://semarc/name/29599 700 1 $aSefrin, Pirminus,$c.$0(OLS)http://semarc/name/29600 773 0 $tHierarchia catholica Medii aevi sive summorum pontificum, S.R.E. cardinalium, ecclesiarum antistitum series.$bEditio altera.$g8$w()798 850 $aSeMil 852 $aSeMil$W1$xVenegono$y1$mSL1.F IX 9$j24247$B24247$CSeMilBibl$Z2$F24250 $8I 961 $aAcquisto: Casa editrice 996 $6245$aA pontificatu Pii 9. (1846) usque ad pontificatum Leonis 13. (1903)$9(OLS)http://semarc/title/90494 996 $6260$aPadova :$bMessaggero di S. Antonio$9(OLS)http://semarc/publisher/30062